| 000 | 00753cab a2200193 4500 | ||
|---|---|---|---|
| 001 | L136638 | ||
| 008 | 070213n2007 000 0 eng u | ||
| 035 | _a(Sirsi) u136638 | ||
| 041 | 0 | _aeng | |
| 110 | 2 |
_aEstate Agency News _95683 |
|
| 245 | 0 | 0 |
_aLeague table of residential estate agency offices _h[electronic resource] |
| 260 |
_aSt Annes-on-Sea _bEstates Press Ltd _c2007 |
||
| 520 | _aLists residential estate agency offices in order of league rating with a comparison drawn between January 2006 and January 2007. | ||
| 590 | _aKA NTK | ||
| 651 | 4 |
_aUnited Kingdom _y |
|
| 690 | _aPROPERTY-PROPERTY AGENCY | ||
| 856 | 4 | 0 |
_uhttps://www.estateagencynews.co.uk/league.asp _zView the table free of charge at www.estateagencynews.co.uk... |
| 942 | _n0 | ||
| 999 |
_c78383 _d78383 |
||